=LDR 00000nam 2200000 4500 =001 NUTBA000000000004372 =005 20140911144040.0 =006 =007 =008 =035 ##$$a 0010-091400000000405 =040 ##$$a NBPDMAT =082 ##$$a 633.88 =084 ##$$a 633.88 Pop r =100 ##$$a Poppy Suryatmaja Widyanto =245 ##$$a Rosella : Aneka olahan,Khasiat & ramuan / $c Poppy Suryatmaja Widyanto =250 ##$$a Cet.5 =260 ##$$a Jakarta : $b Penebar Swadaya, $c 2009 =300 ##$$a 36 hlm. : $b ilus. 14 cm. =500 ##$$a Bibliografi : hlm.134 =650 ##$$a Tanaman Obat-rosella =990 ##$$a 21411592 =990 ##$$a 0001/BPAP-NTB/20142014 =990 ##$$a 0001/BPAP-NTB/20142014 =990 ##$$a 0001/BPAP-NTB/20142014 =990 ##$$a 0001/BPAP-NTB/20142014